Textbook of operative dentistry / (Record no. 26278)
[ view plain ]
| 000 -LEADER | |
|---|---|
| fixed length control field | 00846cam a22002655a 4500 |
| 001 - CONTROL NUMBER | |
| control field | 2540488 |
| 005 - DATE AND TIME OF LATEST TRANSACTION | |
| control field | 20180311160828.0 |
| 008 - FIXED-LENGTH DATA ELEMENTS--GENERAL INFORMATION | |
| fixed length control field | 940217t1995 paua frb 001 0 eng d |
| 020 ## - INTERNATIONAL STANDARD BOOK NUMBER | |
| International Standard Book Number | 0721634842 |
| 040 ## - CATALOGING SOURCE | |
| Original cataloging agency | DNLM/DLC |
| Transcribing agency | DLC |
| Modifying agency | DLC |
| -- | EG-ScBUE |
| Language of cataloging | eng |
| 082 04 - DEWEY DECIMAL CLASSIFICATION NUMBER | |
| Classification number | 617.6059 |
| Edition number | 22 |
| Item number | BAU |
| 100 1# - MAIN ENTRY--PERSONAL NAME | |
| Personal name | Baum, Lloyd. |
| 245 10 - TITLE STATEMENT | |
| Title | Textbook of operative dentistry / |
| Statement of responsibility, etc | Lloyd Baum, Ralph W. Phillips, Melvin R. Lund. |
| 250 ## - EDITION STATEMENT | |
| Edition statement | 3rd ed. |
| 260 ## - PUBLICATION, DISTRIBUTION, ETC. (IMPRINT) | |
| Place of publication, distribution, etc | Philadelphia : |
| Name of publisher, distributor, etc | W. B. Saunders Company, |
| Date of publication, distribution, etc | c.1995. |
| 300 ## - PHYSICAL DESCRIPTION | |
| Extent | viii, 661 p. : |
| Other physical details | ill. ; |
| Dimensions | 27 cm. |
| 504 ## - BIBLIOGRAPHY, ETC. NOTE | |
| Bibliography, etc | Includes bibliographical references and index. |
| 650 #7 - SUBJECT ADDED ENTRY--TOPICAL TERM | |
| Topical term or geographic name as entry element | Dentistry, Operative. |
| Source of heading or term | BUEsh |
| 9 (RLIN) | 30617 |
| 651 ## - SUBJECT ADDED ENTRY--GEOGRAPHIC NAME | |
| Source of heading or term | BUEsh |
| 653 ## - INDEX TERM--UNCONTROLLED | |
| Resource For college | Generalities |
| -- | |
| Arrived date list | March2018 |
| 700 1# - ADDED ENTRY--PERSONAL NAME | |
| Personal name | Phillips, Ralph W. |
| 9 (RLIN) | 30158 |
| 700 1# - ADDED ENTRY--PERSONAL NAME | |
| Personal name | Lund, Melvin R., |
| Dates associated with a name | 1922- |
| 740 0# - ADDED ENTRY--UNCONTROLLED RELATED/ANALYTICAL TITLE | |
| Uncontrolled related/analytical title | Operative dentistry. |
| 942 ## - ADDED ENTRY ELEMENTS (KOHA) | |
| Source of classification or shelving scheme | Dewey Decimal Classification |
| Withdrawn status | Item status | Source of classification or shelving scheme | Damaged status | Not for loan | Home library | Current library | Shelving location | Date acquired | Total Checkouts | Total Renewals | Full call number | Barcode | Date last seen | Date last borrowed | Koha item type |
|---|---|---|---|---|---|---|---|---|---|---|---|---|---|---|---|
| Dewey Decimal Classification | Central Library | Central Library | First floor | 11/03/2018 | 1 | 1 | 617.6059 BAU | 000046487 | 15/07/2025 | 12/02/2023 | Book - Borrowing |